000 00556nam a2200181Ia 4500
003 IN-BaIIA
008 211028s9999 xx 000 0 eng d
040 _cIIA Library
080 _a082.2:52
_bIAU-C4
110 _aUniversite De Liege Belgique
_914830
245 0 _anon-periodic phenomena in variable stars
_cUniversite De Liege Belgique
260 _aBudapest
_bAcademic Press
_c1969
300 _a[various pagings.]
650 _aAstronomy and astrophysics thesaurus
650 _aVariable stars
_91140
700 _aDetre, L., ed.
_914831
942 _cBK
999 _c8815
_d8815